000 00560nam a2200217Ia 4500
003 OSt
005 20220928135349.0
006 a|||||r|||| 00| 0
007 ta
008 220927b |||||||| |||| 00| 0 eng d
024 _a1525
037 _cTextual
040 _aSDCL
_cSDCL
_beng
041 _2eng
_aeng
082 _aO-,1L:g, K6
100 _aKumar Shiv K Ed.
_9490071
245 0 _aBritish romantic poets
_b Recent revaluations
260 _c1966
942 _hO-,1L:g, K6
_cTEXL
_2CC
999 _c805374
_d805374